Gaming Quiz

Random Gaming Quiz

Tom Clancy's Rainbow Six Siege Operators Quiz Stats

 Plays Quiz not verified by Sporcle

Score 0/42 Timer 10:00
0 Plays Today
Hint Answer % Correct
SASR(attacker)Gridlock
100%
SASR9(defender)Mozzie
94.7%
GIGR(attacker)Nomad
73.7%
GIGR(defender)Kaid
73.7%
GIS(defender)Maestro
73.7%
GIS(defender)Alibi
73.7%
GROM(attacker)Zofia
68.4%
GROM(defender)Ela
68.4%
GEO(attacker)Jackal
68.4%
GEO(defender)Mira
68.4%
BOPE(attacker)Capitao
68.4%
NAVY SEAL(attacker)Blackbeard
68.4%
NAVY SEAL(defender)Valkyrie
68.4%
JTF2(attacker)Buck
68.4%
JTF2(defender)Frost
68.4%
SAS(attacker)Sledge
68.4%
SAS(attacker)Thatcher
68.4%
SAS(defender)Mute
68.4%
SAS(defender)Smoke
68.4%
GIGN(attacker)Twitch
68.4%
GIGN(attacker)Montagne
68.4%
Hint Answer % Correct
GIGN(defender)Doc
68.4%
GIGN(defender)Rook
68.4%
GSG9(attacker)IQ
68.4%
GSG9(attacker)Blitz
68.4%
GSG9(defender)Jager
68.4%
GSG9(defender)Bandit
68.4%
SPETSNAZ(attacker)Fuze
68.4%
SPETSNAZ(attacker)Glaz
68.4%
SPETSNAZ(defender)Kapkan
68.4%
SPETSNAZ(defender)Tachanka
68.4%
MPS(attacker)Maverick
63.2%
MPS(defender)Clash
63.2%
707THSMB(attacker)Dokkaebi
63.2%
707THSMB(defender)Vigil
63.2%
SDU(attacker)Ying
63.2%
SDU(defender)Lesion
63.2%
SAT(attacker)Hibana
63.2%
SAT(defender)Echo
63.2%
BOPE(defender)Caveira
63.2%
GIGN(attacker)Lion
57.9%
GIGN(attacker)Finka
57.9%

You're not logged in!

Compare scores with friends on all Sporcle quizzes.
OR
Log In

Sporcle TV

Today on Sporcle TV


Watch our educational content, quiz creation guides, and fun videos on Sporcle TV.

Show Comments

Extras

Top Quizzes Today


Score Distribution

Your Account Isn't Verified!

In order to create a playlist on Sporcle, you need to verify the email address you used during registration. Go to your Sporcle Settings to finish the process.

Report this User

Report this user for behavior that violates our Community Guidelines.

Details: